00978nam a22002417a 4500003000900000008004100009040007100050082002400121100002500145245008800170260002800258300002600286505019500312650002300507650002600530650002600556650002500582650001300607700002700620700003000647700002600677700003300703AR-CdUCM190306b ||||| |||| 00| 0 spa d aMUNICIPALIDAD PROVINCIAL DEL CUSCOcBIBLIOTECA MUNICIPAL DEL CUSCO a869.56 / R21KbR21K aRamos Tacca, Marío aKnock out narrativa cuzqueña COPÉ :bselección y notas de Mario Ramos Tacca / aCusco :bInkari,c2017. a199 paginas ;c21 cm. aContenido: La muerte del Doctor Octavio Aguilar -- El Gerente -- Al filo del rayo -- Temporal en la cuesta de los difuntos -- Libreta de campo -- María Nieves -- El fantasma es el otro ... aLiteratura peruana aLiteratura cusqueña aLiteratos cusqueños aNarrativa cusqueña aSiglo XX aBravo Espinoza, Carlos aRosas Paravicino, Enrique aNieto Degregori, Luis aAvendaño Farfán, Ángel